Normal view
MARC view
Entry Topical Term
001 - CONTROL NUMBER
- control field: 2144
003 - CONTROL NUMBER IDENTIFIER
- control field: BD-RjUL
005 - DATE AND TIME OF LATEST TRANSACTION
- control field: 20220330132847.0
008 - FIXED-LENGTH DATA ELEMENTS
- fixed length control field: 220330|| aca||aabn | a|a d
040 ## - CATALOGING SOURCE
- Original cataloging agency: BD-RjUL
- Transcribing agency: BD-RjUL
150 ## - HEADING--TOPICAL TERM
- Topical term or geographic name entry element: Islamic countries.
- Form subdivision: Cultural policy
- Chronological subdivision: 20th century
- General subdivision: Congresses
670 ## - SOURCE DATA FOUND
- Source citation: Work cat.: (BD-RjUL)79637: النمو الثفافي ومشاكله في العالم الإسلامي : أبحاث المائدة المستديرة المنعقدة بجامعة إفريقياالعالمية في 20 من محرم 1418 هـ الموافق 26 من مايو 1997 م.= Cultural Development in the Islamic World and its Problems /[al-Numūw al-thaqāfī wa-mashākiluhu fī al-ʻālam al-Islāmī : abḥāth al-māʼidah al-mustadīrah al-munʻaqidah bi-Jāmiʻat Ifrīqīyā al-ʻĀlamīyah fī 20 min Muḥarram 1418 H al-muwāfiq 26 min Māyū 1997 M.], 1998.